Statistics for Countries of Europe in 100 AD

Click here to take the quiz!

General Stats

  • This quiz has been taken 12 times
    (10 since last reset)
  • The average score is 3 of 25

Answer Stats

EntityAnswer% Correct
EmpireRoman Empire
88%
Tribal KingdomCe
25%
KingdomDacia
25%
Nomadic ConfederationHuns
25%
KingdomIberia
25%
Tribal CheifdomVandals
25%
KingdomColchis
13%
KingdomPictland
13%
Tribal ConfederationSarmatians
13%
Tribal ConfederationAlemanni
0%
Tribal ConfederationBasternae
0%
Tribal KingdomBrigantia
0%
Tribal KingdomCait
0%
Tribal KingdomCaspiane
0%
Client KingdomCaucasian Albania
0%
Client KingdomCimmerian Bosphorus
0%
Tribal KingdomCornovii
0%
Tribal KingdomFortriu
0%
Tribal KingdomGelonia
0%
Tribal KingdomGetae
0%
Tribal ChiefdomIverni
0%
Client KingdomLazica
0%
KingdomMeath
0%
Client KingdomPaeonia
0%
Tribal ConfederationSuebi
0%

Score Distribution

Percentile by Number Answered

Percent of People with Each Score

Your Score History

You have not taken this quiz since the last reset